[Event "IND-ch U11 Girls"]
[Site "Visakhapatnam"]
[Date "2023.10.02"]
[Round "4"]
[White "Aamuktha, Guntaka"]
[Black "Indusheetala, Natarajan"]
[Result "1-0"]
[WhiteElo "1615"]
[BlackElo "1163"]
[PlyCount "143"]
[EventDate "2023.10.01"]
[EventType "swiss"]
[EventRounds "11"]
[EventCountry "IND"]
[SourceTitle "EXT 2025"]
[Source "ChessBase"]
[SourceDate "2024.10.14"]
[SourceVersion "1"]
[SourceVersionDate "2024.10.14"]
[SourceQuality "1"]

1. e4 e5 2. Nf3 Nc6 3. Bb5 a6 4. Ba4 Nf6 5. 0-0 b5 6. Bb3 Be7 7. Re1 0-0 8. a4 Rb8 9. c3 d6 10. h3 Bd7 11. d4 exd4 12. cxd4 Na5 13. Bc2 Nc4 14. Nbd2 Nxd2 15. Bxd2 Bc6 16. d5 Ba8 17. axb5 axb5 18. Nd4 Qd7 19. Ra7 Rfc8 20. Bd3 Ne8 21. Rxa8 Rxa8 22. Bxb5 Qd8 23. Nc6 Qd7 24. Na7 Qd8 25. Nxc8 Rxc8 26. Qc2 Nf6 27. Ba5 Qf8 28. b4 Bd8 29. Qc6 Rb8 30. f3 Qe7 31. Rc1 h6 32. Be2 Kh7 33. Qa6 Qd7 34. Qa7 Qc8 35. Rc6 Ra8 36. Qd4 Nd7 37. f4 Nb8 38. Rc1 Qb7 39. Qc4 Ra7 40. Bd3 Kh8 41. Rc2 Kg8 42. e5 dxe5 43. fxe5 Nd7 44. e6 Ne5 45. Qe4 Nxd3 46. Qxd3 Qa6 47. Qxa6 Rxa6 48. Bxc7 Bxc7 49. exf7+ Kxf7 50. Rxc7+ Kg8 51. b5 Rb6 52. Rc5 Kf7 53. Kf2 g5 54. Ke3 Ke7 55. Kd4 Kd7 56. Kc4 Ke7 57. Rc6 Rb7 58. Rxh6 Rc7+ 59. Rc6 Rd7 60. b6 Ke8 61. Rc8+ Ke7 62. Rc7 g4 63. Rxd7+ Kxd7 64. hxg4 Kc8 65. d6 Kb7 66. d7 Kxb6 67. d8Q+ Ka7 68. Qd6 Kb7 69. Kb5 Ka7 70. Qd7+ Kb8 71. Kb6 Ka8 72. Qc8# 1-0